50 States...By Their Flags 2 - Statistics

General Stats
  • This quiz has been taken 31 times
  • The average score is 7 of 10
Answer Stats
Picture Answer % Correct
Idaho
89%
Utah
89%
Washington
84%
Minnesota
79%
South Dakota
68%
Kansas
63%
Michigan
63%
Nebraska
63%
Oklahoma
53%
North Dakota
42%
No matching quizzes found
Score Distribution
Percent of People with Each Score
Percentile by Number Answered
Your Score History
You have not taken this quiz